Drużyny francuskiej ligue 1 w piłce nożnej na sezon 2022/2023 - Statystyki

Ogólne statystyki
  • Ten quiz został rozwiązany 166 razy
  • Średni wynik to 9 z 20
Statystyki odpowiedzi
DRUŻYNA % Poprawnych
PSG
99%
Marsylia
76%
Lyon
72%
Lens
68%
Monaco
66%
Lille
53%
Nice
47%
Rennes
47%
Nantes
46%
Clermont
40%
Montpellier
40%
Angers
36%
Reims
36%
Lorient
34%
Strasbourg
34%
Brest
33%
Auxerre
31%
AC Ajaccio
25%
Toulouse
25%
Troyes
24%
Nie znaleziono quizów pasujących do podanych kryteriów
Rozkład punktacji
Procent ludzi z każdym wynikiem
Percentyl według liczby udzielonych odpowiedzi
Twoja historia wyników
Nie rozwiązałeś tego quizu